| Tag |
First Indicator |
Second Indicator |
Subfields |
| LEADER |
00000cam a2200000 4500 |
| 001 |
in00000036538 |
| 005 |
20191019063539.0 |
| 008 |
780526s1963 nyua b 00000 eng |
| 010 |
|
|
|a 63013923
|
| 035 |
|
|
|a (OCoLC)03932360
|
| 035 |
|
|
|9 AAD0529AM
|
| 040 |
|
|
|a DLC
|c UUM
|d TXA
|d UtOrBLW
|
| 049 |
|
|
|a TXAM
|c [360531]
|
| 050 |
0 |
0 |
|a TN880
|b .M48
|
| 092 |
|
|
|a 665.74
|b M624m, 1963
|
| 110 |
2 |
|
|a University of Michigan.
|b Department of Chemical and Metallurgical Engineering.
|
| 245 |
1 |
0 |
|a Movement of underground water in contact with natural gas /
|c [by] Donald L. Katz [and others] Monograph prepared on Project NO-31 at the University of Michigan for the Pipeline Research Committee of the American Gas Association.
|
| 264 |
|
1 |
|a New York :
|b American Gas Association,
|c 1963.
|
| 300 |
|
|
|a 323 pages :
|b illustrations ;
|c 29 cm.
|
| 336 |
|
|
|a text
|b txt
|2 rdacontent
|
| 337 |
|
|
|a unmediated
|b n
|2 rdamedia
|
| 338 |
|
|
|a volume
|b nc
|2 rdacarrier
|
| 504 |
|
|
|a Includes bibliography.
|
| 650 |
|
0 |
|a Natural gas
|x Storage.
|
| 650 |
|
0 |
|a Groundwater.
|
| 700 |
1 |
|
|a Katz, Donald L.
|q (Donald La Verne),
|d 1907-1989.
|
| 999 |
|
|
|a MARS
|
| 999 |
f |
f |
|s 433fe188-987a-30d4-92a0-1bb8e0a02330
|i 9c7a787a-0582-3683-947c-423a4d900432
|t 0
|
| 952 |
f |
f |
|p ric
|a Texas A&M University
|b Rellis Campus
|c Joint Library Facility
|d Remote Storage
|t 0
|e TN880 .M48
|h Library of Congress classification
|i unmediated -- volume
|m A14801115512
|
| 998 |
f |
f |
|a TN880 .M48
|t 0
|l Remote Storage
|